Where do they come from? - Chelsea 23/24 - Statistics

General Stats
  • This quiz has been taken 99 times
  • The average score is 19 of 25
Answer Stats
# Player Signed from Year % Correct
7 Raheem Sterling Manchester City 2022
99%
20 Cole Palmer Manchester City 2023
99%
6 Thiago Silva Paris Saint-Germain 2020
99%
1 Robert Sanchez Brighton 2023
97%
3 Marc Cucurella Brighton 2022
97%
25 Moisés Caicedo Brighton 2023
97%
8 Enzo Fernández SL Benfica 2023
97%
43 Diego Moreira SL Benfica 2023
97%
21 Ben Chilwell Leicester City 2020
92%
33 Wesley Fofana Leicester City 2022
92%
17 Carney Chukwuemeka Aston Villa 2022
88%
18 Christopher Nkunku RB Leipzig 2023
88%
15 Nicolas Jackson Villarreal 2023
87%
2 Axel Disasi AS Monaco 2023
81%
5 Benoît Badiashile AS Monaco 2023
81%
45 Roméo Lavia Southampton 2023
81%
10 Mykhailo Mudryk Shakhtar Donetsk 2023
80%
11 Noni Madueke PSV Eindhoven 2023
79%
27 Malo Gusto Lyon 2023
72%
31 Cesare Casadei Inter Milan 2022
52%
13 Marcus Bettinelli Fulham 2021
47%
16 Lesley Ugochukwu Rennes 2023
42%
36 Deivid Washington Santos 2023
30%
28 Đorđe Petrović New England Revolution 2023
26%
- Malang Sarr OGC Nice 2020
26%
No matching quizzes found
Score Distribution
Percent of People with Each Score
Percentile by Number Answered
Your Score History
You have not taken this quiz